000 00689nam a22002057a 4500
003 DO-SdBNP
005 20180206105324.0
008 161017b 1997 cl |||| 00| 0 spa d
040 _aBPMSU
_bspa
_cBPMSU
082 4 _axxxxxx
_bxxxxxx
100 1 _aGómez Gómez, Elsa
245 1 3 _aLa salud y las mujeres en América Latina y el Caribe :
_bviejos problemas y nuevos enfoques /
_cElsa Gómez Gómez
260 _aChile :
_bComisión Económica para América Latina y el Caribe,
_c1997.
300 _a71 p. ;
_c25 cm.
490 1 _aMujer y desarrollo
830 1 _aMujer y desarrollo
942 _2ddc
_cBK
945 _aInventariado, 2018 / BT
956 _aBTAVÁREZ
_b10
_d20161017
_fBPMSU
_h0038
999 _c11579
_d11579